On This Day: March 3rd II Quiz Stats

 Plays Quiz Updated Mar 3, 2018

Score 0/7 Timer 03:00
0 Plays Today
Question Answer Wrong Answers
This Scottish-American engineer and academic, often credited with inventing the telephone, is born.
1847
Alexander Graham Bell
97.9%
Samuel Morse
0.7%
Guglielmo Marconi
0.7%
James Watt
0.7%
The Australia Act 1986 commences, causing Australia to become fully independent from this nation.
1986
United Kingdom
94.6%
United States
1.1%
France
1.2%
Germany
1.5%
Anne Sullivan, herself blind, begins teaching the famously blind and deaf _____, who was 6 years old at the time.
1887
Helen Keller
94.4%
Andrea Bocelli
2%
Fanny Crosby
1.2%
Laura Bridgman
1.2%
Mustafa Kemal Atatürk abolishes the caliphate in ______, later exiling Abdülmecid II, the last crown prince of the Ottoman Empire.
1924
Turkey
82.9%
Iran
5.5%
Iraq
3.5%
Egypt
6.6%
Steve Fossett becomes the first person to fly solo non-stop around the world, having already circumnavigated the globe in both a sailboat and a _____.
2005
Hot air balloon
82.3%
Submarine
3.4%
Motor boat
7.5%
Blimp
5%
This popular opera by Georges Bizet, which is set in southern Spain and tells the story of Don José, premiered.
1875
Carmen
64.6%
La Bohème
11.8%
The Marriage of Figaro
15.5%
Rigoletto
7.2%
Nintendo releases the Nintendo ______, which became the fastest-selling home video game system of all time in the U.S.
2017
Switch
48.8%
GameCube
12.3%
Wii U
28.2%
Entertainment System
8.7%

You're not logged in!

Compare scores with friends on all Sporcle quizzes.
OR
Log In

Sporcle TV

Today on Sporcle TV


Watch our educational content, quiz creation guides, and fun videos on Sporcle TV.

Show Comments

Extras

Top Quizzes Today


Score Distribution

Your Account Isn't Verified!

In order to create a playlist on Sporcle, you need to verify the email address you used during registration. Go to your Sporcle Settings to finish the process.

Report this User

Report this user for behavior that violates our Community Guidelines.

Details: